000 00368nam a2200157Ia 4500
008 230711s9999||||xx |||||||||||||| ||und||
041 _aENG
082 _a720
_bWE-N
100 _aWenjum,Zhi
245 0 _aNew chinese Architecture
250 _a1st
260 _c2009
_aLondon
_bLaurence King Publication Ltd
300 _a475
650 _aArchitecture
942 _cBK
999 _c5363
_d5363